| 000 | 02326nam a2200433 i 4500 | ||
|---|---|---|---|
| 001 | 000006094 | ||
| 003 | OSt | ||
| 005 | 20230607123307.0 | ||
| 007 | ta | ||
| 008 | 090826s1991 dr a 000 0 spa d | ||
| 040 |
_aDO-SdBNP _bspa _cBNPHU _erda |
||
| 041 | _hspa | ||
| 082 | 4 |
_a362.8292 _bR771i _222 |
|
| 100 | 1 |
_aRondon, Melania _917153 |
|
| 245 | 1 | 0 |
_aIncriminación a la violencia contra la mujer / _cTony Pichardo, editor |
| 264 |
_aSanto Domingo, : _bEdiciones CENSEL, _c1991. |
||
| 300 |
_a171 páginas : _bilustraciones, gráficos, retratos ; _c21 cm. |
||
| 336 |
_2rdacontent _atexto _btxt |
||
| 337 |
_2rdamedia _asin mediación _bn |
||
| 338 |
_2rdacarrier _avolumen _bnc |
||
| 500 | _aIncluye referencias bibliográficas y notas al pie de las páginas | ||
| 504 | _aBibliografía, 167-169 Introducción -- A manera de epílogo -- | ||
| 505 | 2 |
_aPresentación. _tIntroducción -- _tMetodología -- _gCapítulo I : _tConsideraciones generales sobre el poder y la violencia -- _gCapítulo II : _t Agresiones físicas a mujeres según registro judicial. Santo Domingo, 1986 -- _gCapítulo III : _tVariables legales en el estudio de la violencia contra la mujer según documentación disponible en el Palacio de Justicia. Santo Domingo, 1986-1987. _gCapítulo IV : _tEl perfil del violador -- _tA manera de epílogo. |
|
| 505 | 2 | _aMetodología. | |
| 505 | 2 |
_aCapítulo I : _tConsideraciones generales sobre el poder y la violencia. |
|
| 505 | 0 |
_aCapítulo II : _tAgresiones físicas a mujeres según registro judicial. Santo Domingo, 1986-1987. |
|
| 505 | 0 |
_aCapítulo III : _tVariables legales en el estudio de la violencia contra la mujer según documentación disponible en el Palacio de Justicia. Santo Domingo, 1986-1987. |
|
| 505 | 0 |
_aCapítulo IV : _tEl perfil del violador |
|
| 590 | _aInventariado, 2023/MFF | ||
| 650 | 4 |
_aViolencia contra la mujer _zRepública Dominicana _917154 |
|
| 650 | 4 |
_aViolencia conyugal _zRepública Dominicana _92756 |
|
| 650 | 4 |
_aDelitos contra la mujer _917155 |
|
| 650 | 4 |
_aAbuso de la esposa _917156 |
|
| 650 | 4 |
_aDelitos sexuales _zRepública Dominicana _917157 |
|
| 700 |
_aPichardo , Tony , _eeditor. _977761 |
||
| 710 |
_aCentro de Servicios Legales para la Mujer (República Dominicana) _977762 |
||
| 910 | _aValidado. Control de calidad MFF | ||
| 942 |
_2ddc _cLBS1 |
||
| 999 |
_c5890 _d5890 |
||